00657nam a2200181Ia 4500008004100000041000800041082001700049100004100066245005200107250000800159260002400167300000900191542001500200650002600215906004900241999001700290952016800307220531s9999 xx 000 0 und d aeng a-bCAP / SAN aSangale, Balasaheb and others974246 aCapital market And Financial Services (Sem.-IV) a1ST aPunebSuccessc2014 a4.13 d09-10-2018 aCapital Market974247 cM.Com-IId2018-2019eElantas beck Co.f15429 c41352d41352 01102ddc40708CommerceaSSMMbSSMMd2018-11-29eVaibhavg200.00l0n10o-/CAP/SAN/B/28273pSSMM-BK-28273r2022-08-06 00:00:00v200.00w2022-08-06yBKz010028273